[Event "GER-chT U16"]
[Site "Uelzen"]
[Date "2007.12.28"]
[Round "3.3"]
[White "Babayev, Ramil"]
[Black "Balssuweit, Michael"]
[Result "1-0"]
[WhiteElo "1969"]
[BlackElo "1473"]
[PlyCount "61"]
[EventDate "2007.12.27"]
[EventType "team-swiss"]
[EventRounds "7"]
[EventCountry "GER"]
[SourceTitle "EXT 2022"]
[Source "ChessBase"]
[SourceDate "2021.10.06"]
[SourceVersion "1"]
[SourceVersionDate "2021.10.06"]
[SourceQuality "1"]
[WhiteTeam "Limburgerhof U16"]
[BlackTeam "Erfurt Empor U16"]
[WhiteTeamCountry "GER"]
[BlackTeamCountry "GER"]

1. e4 e6 2. d4 d5 3. Nc3 Bb4 4. e5 c5 5. Bd2 cxd4 6. Nb5 Bc5 7. Qg4 g6 8. b4 Be7 9. Nxd4 Nc6 10. Nxc6 bxc6 11. Bd3 f6 12. f4 f5 13. Qe2 Nh6 14. Nf3 Ng4 15. a3 Qb6 16. h3 Nh6 17. Be3 Qd8 18. 0-0 Nf7 19. c4 g5 20. cxd5 cxd5 21. Nd4 gxf4 22. Bb5+ Kf8 23. Bxf4 Qb6 24. Qe3 Bg5 25. Rac1 Bxf4 26. Qxf4 Qd8 27. Rc6 Ke7 28. Rfc1 Bd7 29. Rc7 Kf8 30. Bxd7 Qb8 31. Bxe6 1-0

[Event "GER-chT U16"]
[Site "Uelzen"]
[Date "2007.12.27"]
[Round "1.3"]
[White "Babayev, Ramil"]
[Black "Golosnyak, Alexander"]
[Result "1-0"]
[WhiteElo "1969"]
[BlackElo "1390"]
[PlyCount "77"]
[EventDate "2007.12.27"]
[EventType "team-swiss"]
[EventRounds "7"]
[EventCountry "GER"]
[SourceTitle "EXT 2022"]
[Source "ChessBase"]
[SourceDate "2021.10.06"]
[SourceVersion "1"]
[SourceVersionDate "2021.10.06"]
[SourceQuality "1"]
[WhiteTeam "Limburgerhof U16"]
[BlackTeam "Bochum SG U16"]
[WhiteTeamCountry "GER"]
[BlackTeamCountry "GER"]

1. e4 e5 2. Nf3 Nc6 3. d4 exd4 4. Nxd4 Bc5 5. Nxc6 Qf6 6. Qf3 Qxc6 7. Nc3 Ne7 8. Bb5 Qg6 9. Bf4 a6 10. Bd3 Qb6 11. Rb1 0-0 12. 0-0 d6 13. Bg5 Ng6 14. Nd5 Qc6 15. b4 Bb6 16. Qh5 h6 17. b5 Qc5 18. Be3 Qa3 19. Bxb6 cxb6 20. Nxb6 Rb8 21. Nc4 Qc5 22. Qxc5 dxc5 23. bxa6 b5 24. a7 Ra8 25. Rxb5 Rxa7 26. Rxc5 Rxa2 27. f4 Bd7 28. f5 Ne7 29. Rc7 Rd8 30. Ne5 Bxf5 31. Rxe7 Be6 32. Nxf7 Bxf7 33. Rfxf7 Ra1+ 34. Kf2 Rf8 35. Rxf8+ Kxf8 36. Rb7 Ra8 37. Ke3 Re8 38. c4 Re7 39. Rxe7 1-0

[Event "GER-chT U16"]
[Site "Uelzen"]
[Date "2007.12.27"]
[Round "2.3"]
[White "Kaphle, Sebastian"]
[Black "Babayev, Ramil"]
[Result "1/2-1/2"]
[WhiteElo "2086"]
[BlackElo "1969"]
[PlyCount "103"]
[EventDate "2007.12.27"]
[EventType "team-swiss"]
[EventRounds "7"]
[EventCountry "GER"]
[SourceTitle "EXT 2022"]
[Source "ChessBase"]
[SourceDate "2021.10.06"]
[SourceVersion "1"]
[SourceVersionDate "2021.10.06"]
[SourceQuality "1"]
[WhiteTeam "Uelzen Post U16"]
[BlackTeam "Limburgerhof U16"]
[WhiteTeamCountry "GER"]
[BlackTeamCountry "GER"]

1. e4 c5 2. Nf3 e6 3. d4 cxd4 4. Nxd4 a6 5. Bd3 Qc7 6. 0-0 d6 7. Qe2 Nf6 8. Kh1 g6 9. Nc3 Bg7 10. Nb3 Nc6 11. f4 0-0 12. Bd2 b6 13. Rae1 Nd7 14. Nd1 Nc5 15. Bc3 Nxb3 16. axb3 e5 17. Ne3 Ne7 18. Ra1 Bb7 19. fxe5 dxe5 20. Nc4 Nc6 21. Qf2 Nd4 22. Rad1 a5 23. Na3 Bc6 24. b4 Ne6 25. bxa5 bxa5 26. Nc4 f5 27. Qe1 fxe4 28. Rxf8+ Rxf8 29. Bxe4 Bxe4 30. Qxe4 Qf7 31. h3 Ng5 32. Qe2 Qf5 33. Kg1 e4 34. Ne3 Qe6 35. Bxa5 Bh6 36. Ng4 Bg7 37. Bd2 Nf7 38. b3 Qc6 39. c4 Qb6+ 40. Kh1 Qxb3 41. Bf4 Rc8 42. Rc1 Qb7 43. c5 Qd5 44. Rc4 g5 45. Rxe4 Qxc5 46. Bd2 Rd8 47. Re8+ Rxe8 48. Qxe8+ Qf8 49. Qe6 Qd8 50. Bb4 Qd1+ 51. Kh2 Qd8 52. Kh1 1/2-1/2

[Event "RLP-ch MTB 26th"]
[Site "Ludwigshafen"]
[Date "2007.07.22"]
[Round "7"]
[White "Babayev, Ramil"]
[Black "Klein, Roland"]
[Result "1-0"]
[WhiteElo "1828"]
[BlackElo "1992"]
[PlyCount "113"]
[EventDate "2007.07.13"]
[EventType "swiss"]
[EventRounds "7"]
[EventCountry "GER"]
[SourceTitle "EXT 2009"]
[Source "ChessBase"]
[SourceDate "2008.11.26"]
[SourceVersion "1"]
[SourceVersionDate "2008.11.26"]
[SourceQuality "1"]

1. e4 e5 2. Nf3 Nc6 3. d4 exd4 4. Nxd4 Bc5 5. Nxc6 Qf6 6. Qf3 Qxf3 7. gxf3 bxc6 8. Be3 Bb6 9. Nc3 Ne7 10. 0-0-0 d6 11. f4 Bb7 12. Rg1 g6 13. Bd4 0-0 14. Bc4 Bxd4 15. Rxd4 Rad8 16. f3 d5 17. Bf1 c5 18. Rd1 dxe4 19. Rxd8 Rxd8 20. fxe4 Rd4 21. Bd3 Bc6 22. Ne2 Ra4 23. Nc3 Rd4 24. b3 Kf8 25. Ne2 Rd6 26. Rg5 f5 27. e5 Rd8 28. Nc3 a5 29. Rg3 a4 30. Bc4 axb3 31. cxb3 Rd4 32. Ne2 Rd8 33. Rg1 Bf3 34. Rd1 Ra8 35. a4 c6 36. Rd2 Nd5 37. Bxd5 cxd5 38. Nc3 d4 39. Nb5 Rb8 40. Rc2 Bd5 41. Rxc5 Bxb3 42. a5 d3 43. a6 Rd8 44. Nd6 Be6 45. a7 g5 46. fxg5 Ra8 47. Rc7 f4 48. Kd2 Kg8 49. Rb7 Bd5 50. Rb8+ Kg7 51. Nc8 Be4 52. Nd6 Rxa7 53. Nxe4 Ra2+ 54. Kxd3 Rxh2 55. e6 Rh3+ 56. Kd4 f3 57. e7 1-0

[Event "RLP-ch MTB 26th"]
[Site "Ludwigshafen"]
[Date "2007.07.13"]
[Round "1"]
[White "Kaemmer, Rolf"]
[Black "Babayev, Ramil"]
[Result "1/2-1/2"]
[WhiteElo "915"]
[BlackElo "1828"]
[PlyCount "99"]
[EventDate "2007.07.13"]
[EventType "swiss"]
[EventRounds "7"]
[EventCountry "GER"]
[SourceTitle "EXT 2009"]
[Source "ChessBase"]
[SourceDate "2008.11.26"]
[SourceVersion "1"]
[SourceVersionDate "2008.11.26"]
[SourceQuality "1"]

1. d4 d5 2. Bf4 Bf5 3. e3 e6 4. c3 Bd6 5. Qb3 b6 6. Qa4+ c6 7. Bxd6 Qxd6 8. Nf3 Ne7 9. Be2 0-0 10. Nbd2 f6 11. 0-0 e5 12. Nh4 Bd7 13. Qc2 e4 14. f3 f5 15. f4 a5 16. a3 Kh8 17. g3 Na6 18. Qb3 c5 19. Rac1 a4 20. Qd1 c4 21. Kh1 Qf6 22. Rg1 g5 23. Ng2 g4 24. Nh4 b5 25. Nb1 Ng6 26. Nxg6+ hxg6 27. Qe1 Kg7 28. Qf2 Rh8 29. Rg2 Rh7 30. h4 gxh3 31. Rh2 Nc7 32. Rg1 Kf7 33. Bf1 Rah8 34. Qe2 Ke7 35. Rf2 g5 36. Kh2 gxf4 37. exf4 Qg6 38. Qe3 Ne8 39. Be2 Nf6 40. Bd1 Ng4+ 41. Bxg4 Qxg4 42. Qe2 Qxe2 43. Rxe2 Be8 44. Re3 Bh5 45. Nd2 Kf6 46. Nf1 Bf3 47. Re1 Rg7 48. Re3 Bg2 49. Re2 Bf3 50. Re1 1/2-1/2

[Event "GER-ch U12"]
[Site "Willingen"]
[Date "2007.06.01"]
[Round "10"]
[White "Neumair, Jerome"]
[Black "Babayev, Ramil"]
[Result "1/2-1/2"]
[WhiteElo "1680"]
[BlackElo "1776"]
[PlyCount "39"]
[EventDate "2007.05.26"]
[EventType "swiss"]
[EventRounds "11"]
[EventCountry "GER"]
[SourceTitle "CBM 118 Extra"]
[Source "ChessBase"]
[SourceDate "2007.07.04"]
[SourceVersion "1"]
[SourceVersionDate "2007.07.04"]
[SourceQuality "1"]

1. c4 c5 2. Nc3 Nc6 3. g3 g6 4. Bg2 Bg7 5. e3 e6 6. Nge2 Nge7 7. d4 cxd4 8. exd4 d5 9. cxd5 Nxd5 10. Nxd5 exd5 11. Be3 Be6 12. 0-0 0-0 13. Qd2 Qa5 14. Qxa5 Nxa5 15. b3 Nc6 16. Rac1 Rad8 17. h3 Rfe8 18. Rfd1 Rc8 19. Nf4 Ne7 20. g4 1/2-1/2

[Event "GER-ch U12"]
[Site "Willingen"]
[Date "2007.05.29"]
[Round "6"]
[White "Babayev, Ramil"]
[Black "Pfeiffer, Daniel"]
[Result "1/2-1/2"]
[WhiteElo "1776"]
[BlackElo "1707"]
[PlyCount "84"]
[EventDate "2007.05.26"]
[EventType "swiss"]
[EventRounds "11"]
[EventCountry "GER"]
[SourceTitle "CBM 118 Extra"]
[Source "ChessBase"]
[SourceDate "2007.07.04"]
[SourceVersion "1"]
[SourceVersionDate "2007.07.04"]
[SourceQuality "1"]

1. e4 c5 2. Nf3 d6 3. d4 cxd4 4. Nxd4 Nf6 5. Nc3 a6 6. Bc4 e6 7. Bb3 Be7 8. g4 Nc6 9. Nxc6 bxc6 10. Be3 d5 11. Ba4 Bd7 12. e5 Ng8 13. 0-0 c5 14. Bxd7+ Qxd7 15. Bd2 Bd8 16. b3 Bb6 17. Na4 Ba7 18. Qe2 c4 19. c3 Ne7 20. Be3 0-0 21. Bxa7 Rxa7 22. Nc5 Qc6 23. b4 a5 24. a3 Rfa8 25. Qe3 Nc8 26. f4 Nb6 27. f5 Nd7 28. f6 Qc8 29. Nxd7 Rxd7 30. Rfb1 Qb8 31. Qg5 Qf8 32. bxa5 Rda7 33. Rb5 h6 34. Qe3 Rxa5 35. Rxa5 Rxa5 36. g5 h5 37. a4 g6 38. Qb6 Qa8 39. Kf2 Rxa4 40. Rxa4 Qxa4 41. Qd8+ Kh7 42. Qf8 Qc2+ 1/2-1/2

[Event "GER-ch U12"]
[Site "Willingen"]
[Date "2007.05.28"]
[Round "3"]
[White "Davydov, Ruven"]
[Black "Babayev, Ramil"]
[Result "1-0"]
[WhiteElo "1630"]
[BlackElo "1776"]
[PlyCount "120"]
[EventDate "2007.05.26"]
[EventType "swiss"]
[EventRounds "11"]
[EventCountry "GER"]
[SourceTitle "CBM 118 Extra"]
[Source "ChessBase"]
[SourceDate "2007.07.04"]
[SourceVersion "1"]
[SourceVersionDate "2007.07.04"]
[SourceQuality "1"]

1. e4 c5 2. Nf3 e6 3. d4 cxd4 4. Nxd4 a6 5. Be2 Nf6 6. Nc3 Bb4 7. e5 Nd5 8. Bd2 Nxc3 9. bxc3 Be7 10. 0-0 Nc6 11. Nxc6 dxc6 12. Bd3 Bf8 13. Kh1 g6 14. Qg4 Bg7 15. Bg5 Qa5 16. f4 Qxc3 17. Rad1 0-0 18. Qh4 Qa5 19. Rf3 h5 20. Rg3 Bd7 21. Bf6 Be8 22. Be7 Qc7 23. Bxf8 Kxf8 24. Be4 Qe7 25. Qxe7+ Kxe7 26. Rb3 Rb8 27. Rd6 f6 28. exf6+ Kxd6 29. fxg7 Bf7 30. g8Q Rxg8 31. Rxb7 Rf8 32. Ra7 Be8 33. g3 e5 34. fxe5+ Kxe5 35. Bd3 Rf7 36. Rxa6 Rb7 37. a4 Bf7 38. Kg1 Kd5 39. Ra5+ Kd4 40. Rg5 Bd5 41. Rxg6 Ke3 42. Rf6 c5 43. Bb5 Kd4 44. c4 Bf7 45. Rf4+ Ke3 46. a5 Bg6 47. a6 Ra7 48. Rf6 Be4 49. Re6 Kd4 50. Rd6+ Ke5 51. Rd7 Rxd7 52. Bxd7 Kd6 53. Bb5 Ke5 54. Kf2 Ba8 55. Ke3 Be4 56. Bd7 Ba8 57. Bc8 Kd6 58. Bb7 Bxb7 59. axb7 Kc7 60. Ke4 Kxb7 1-0

[Event "GER-chT U12"]
[Site "Verden an der Aller"]
[Date "2006.12.28"]
[Round "3.1"]
[White "Kotainy, Jens"]
[Black "Babayev, Ramil"]
[Result "1-0"]
[WhiteElo "1897"]
[BlackElo "1637"]
[PlyCount "113"]
[EventDate "2006.12.27"]
[EventType "team-swiss"]
[EventRounds "7"]
[EventCountry "GER"]
[SourceTitle "EXT 2008"]
[Source "ChessBase"]
[SourceDate "2007.11.25"]
[SourceVersion "1"]
[SourceVersionDate "2007.11.25"]
[SourceQuality "1"]
[WhiteTeam "Hohenlimburg Turm U12"]
[BlackTeam "Limburgerhof U12"]
[WhiteTeamCountry "GER"]
[BlackTeamCountry "GER"]

1. d4 d5 2. g3 e6 3. Bg2 Be7 4. Nf3 Nf6 5. c4 c6 6. 0-0 0-0 7. Nc3 Nbd7 8. Qd3 dxc4 9. Qxc4 Nb6 10. Qd3 Nbd5 11. e4 Nxc3 12. bxc3 a5 13. Bg5 h6 14. e5 Nd5 15. Bxe7 Nxe7 16. c4 Qc7 17. Rfe1 Bd7 18. Rac1 Rfd8 19. Nd2 c5 20. d5 exd5 21. cxd5 Bf5 22. Qc3 Qd7 23. d6 Nc6 24. Qxc5 Nb4 25. Qc7 Nd3 26. Bxb7 Rab8 27. Qxd7 Bxd7 28. Bd5 Be6 29. Bxe6 fxe6 30. Red1 Nxc1 31. Rxc1 Rb5 32. Nf3 Rd5 33. Rc7 Kh7 34. Re7 Kg8 35. Rxe6 Rd7 36. Re8+ Kf7 37. Ra8 Ke6 38. Kg2 Rf7 39. Re8+ Kd7 40. Rb8 Ke6 41. Rb3 g6 42. Kf1 a4 43. Ra3 g5 44. h3 Rf8 45. Ke2 Rf5 46. Rxa4 Kd7 47. Ke3 Rc5 48. Ke4 Rxf3 49. Kxf3 Rxe5 50. Ra7+ Kd8 51. a4 Rd5 52. d7 Rf5+ 53. Kg2 h5 54. a5 Rb5 55. a6 Ra5 56. Ra8+ Kxd7 57. a7 1-0

[Event "GER-chT U12"]
[Site "Verden an der Aller"]
[Date "2006.12.27"]
[Round "1.1"]
[White "Brauer, Franz"]
[Black "Babayev, Ramil"]
[Result "1-0"]
[WhiteElo "1812"]
[BlackElo "1637"]
[PlyCount "88"]
[EventDate "2006.12.27"]
[EventType "team-swiss"]
[EventRounds "7"]
[EventCountry "GER"]
[SourceTitle "EXT 2008"]
[Source "ChessBase"]
[SourceDate "2007.11.25"]
[SourceVersion "1"]
[SourceVersionDate "2007.11.25"]
[SourceQuality "1"]
[WhiteTeam "Jena SK Koenigskinder U12"]
[BlackTeam "Limburgerhof U12"]
[WhiteTeamCountry "GER"]
[BlackTeamCountry "GER"]

1. e4 c5 2. Nf3 e6 3. b3 d5 4. exd5 exd5 5. Bb5+ Bd7 6. Bxd7+ Nxd7 7. 0-0 Be7 8. Bb2 Ngf6 9. d4 0-0 10. Nc3 Nb6 11. Re1 c4 12. Ne5 Rc8 13. Re3 Nfd7 14. f4 Nxe5 15. fxe5 Qd7 16. Qh5 Qe6 17. Rf1 Bb4 18. Ne2 Qg6 19. Qxg6 fxg6 20. c3 Rxf1+ 21. Kxf1 Be7 22. Rf3 Rf8 23. Rxf8+ Kxf8 24. Nf4 Kf7 25. Ke2 g5 26. Nh3 Ke6 27. g4 g6 28. Bc1 h6 29. Nf2 Nd7 30. Nd1 b5 31. Ne3 Nb6 32. Nc2 a6 33. Ba3 Bxa3 34. Nxa3 cxb3 35. axb3 h5 36. h3 hxg4 37. hxg4 Nd7 38. Kd3 Nb6 39. Nc2 Nd7 40. Ne3 Nb6 41. c4 bxc4+ 42. bxc4 a5 43. cxd5+ Nxd5 44. Nxd5 Kxd5 1-0

[Event "Saarbruecken-chT U20"]
[Site "Saarbruecken"]
[Date "2006.11.24"]
[Round "6.7"]
[White "Babayev, Ramil"]
[Black "Bluebaum, Matthias"]
[Result "1-0"]
[WhiteElo "1637"]
[BlackElo "1583"]
[PlyCount "51"]
[EventDate "2006.11.??"]
[EventType "team"]
[EventRounds "7"]
[EventCountry "GER"]
[SourceTitle "EXT 2008"]
[Source "ChessBase"]
[SourceDate "2007.11.25"]
[SourceVersion "1"]
[SourceVersionDate "2007.11.25"]
[SourceQuality "1"]

1. e4 e6 2. d4 d5 3. Nc3 Bb4 4. e5 Ne7 5. Bd2 c5 6. Nb5 Bxd2+ 7. Qxd2 0-0 8. f4 Nbc6 9. Nf3 a6 10. Nd6 Qb6 11. c3 cxd4 12. Nxd4 Nxd4 13. cxd4 f6 14. Be2 Nc6 15. Rd1 fxe5 16. fxe5 Nxe5 17. Nxc8 Raxc8 18. b3 Nc6 19. Bf3 Nb4 20. 0-0 Rc2 21. Qg5 Rf5 22. Qg3 Qc7 23. Qh4 g5 24. Qh6 Qg7 25. Qxe6+ Rf7 26. Bh5 1-0

[Event "GER-ch U12"]
[Site "Willingen"]
[Date "2006.06.09"]
[Round "10"]
[White "Babayev, Ramil"]
[Black "Friedrich, Wiede"]
[Result "1/2-1/2"]
[WhiteElo "1553"]
[BlackElo "1933"]
[PlyCount "81"]
[EventDate "2006.06.03"]
[EventType "swiss"]
[EventRounds "11"]
[EventCountry "GER"]
[SourceTitle "EXT 2007"]
[Source "ChessBase"]
[SourceDate "2006.11.23"]
[SourceVersion "1"]
[SourceVersionDate "2006.11.23"]
[SourceQuality "1"]

1. e4 c5 2. Nc3 Nc6 3. f4 g6 4. Nf3 Bg7 5. Bb5 e6 6. Bxc6 bxc6 7. 0-0 Ne7 8. d3 0-0 9. Qe1 d5 10. e5 Rb8 11. g4 Ba6 12. Kh1 c4 13. d4 c5 14. Rb1 Nc6 15. Be3 cxd4 16. Nxd4 Qc7 17. Nxc6 Qxc6 18. Bd4 f5 19. g5 Rf7 20. Rf2 Bf8 21. Qc1 Bc5 22. Ne2 c3 23. bxc3 Rxb1 24. Qxb1 Bxe2 25. Rxe2 Bxd4 26. cxd4 Qc4 27. Rd2 Rb7 28. Qc1 Qxa2 29. c3 Qc4 30. Kg2 Rb3 31. Rc2 a5 32. Kf2 Qd3 33. Kg2 a4 34. Kf2 a3 35. Kg2 Kg7 36. Kf2 Qb5 37. c4 Qb4 38. cxd5 Qxd4+ 39. Kf1 Qd3+ 40. Kg1 Qd4+ 41. Kf1 1/2-1/2

[Event "GER-ch U12"]
[Site "Willingen"]
[Date "2006.06.09"]
[Round "11"]
[White "Kropman, Alexei"]
[Black "Babayev, Ramil"]
[Result "0-1"]
[WhiteElo "1669"]
[BlackElo "1553"]
[PlyCount "109"]
[EventDate "2006.06.03"]
[EventType "swiss"]
[EventRounds "11"]
[EventCountry "GER"]
[SourceTitle "EXT 2007"]
[Source "ChessBase"]
[SourceDate "2006.11.23"]
[SourceVersion "1"]
[SourceVersionDate "2006.11.23"]
[SourceQuality "1"]

1. e4 c5 2. Nc3 e6 3. f4 a6 4. Nf3 d5 5. d3 Nc6 6. g3 d4 7. Ne2 Nf6 8. e5 Nd5 9. Bg2 Be7 10. 0-0 0-0 11. Bd2 Qb6 12. Rb1 Bd7 13. a3 Qc7 14. Qe1 b6 15. Qf2 Rab8 16. Kh1 Rfc8 17. Nh4 Bxh4 18. gxh4 Nde7 19. Ng3 Kh8 20. Qf3 Nf5 21. Qg4 Nce7 22. Rg1 Rg8 23. Ne4 h6 24. Rbf1 Nd5 25. Rf3 Bc6 26. Rh3 Nde3 27. Bxe3 Nxe3 28. Qh5 Nxg2 29. Rxg2 Bxe4 30. dxe4 c4 31. Rhg3 Kh7 32. Qf3 Rbd8 33. Qf1 Qc6 34. Qe2 d3 35. cxd3 cxd3 36. Rxd3 Rxd3 37. Qxd3 Qc1+ 38. Rg1 Qxf4 39. Rf1 Qxe5 40. Rxf7 Rc8 41. Rf2 b5 42. Qe3 Rc4 43. Re2 Qf6 44. Rf2 Qxh4 45. Rf4 Qg5 46. h4 Qg6 47. b3 Rc2 48. Rf2 Rxf2 49. Qxf2 Qxe4+ 50. Kh2 e5 51. h5 Qf4+ 52. Qxf4 exf4 53. Kg2 g5 54. hxg6+ Kxg6 55. Kf3 0-1

[Event "GER-ch U12"]
[Site "Willingen"]
[Date "2006.06.07"]
[Round "8"]
[White "Babayev, Ramil"]
[Black "Fittkau, Nico"]
[Result "1-0"]
[WhiteElo "1553"]
[BlackElo "1436"]
[PlyCount "31"]
[EventDate "2006.06.03"]
[EventType "swiss"]
[EventRounds "11"]
[EventCountry "GER"]
[SourceTitle "EXT 2007"]
[Source "ChessBase"]
[SourceDate "2006.11.23"]
[SourceVersion "1"]
[SourceVersionDate "2006.11.23"]
[SourceQuality "1"]

1. e4 c6 2. Nc3 d5 3. Nf3 Bg4 4. h3 Bh5 5. g4 Bg6 6. exd5 cxd5 7. Ne5 Nc6 8. Bb5 Qd6 9. d4 a6 10. Bxc6+ bxc6 11. Bf4 Qe6 12. Na4 Nf6 13. Qe2 Qd6 14. Nxg6 Qb4+ 15. c3 Qxa4 16. Nxh8 1-0

[Event "GER-ch U12"]
[Site "Willingen"]
[Date "2006.06.07"]
[Round "7"]
[White "Gerntke, Oliver"]
[Black "Babayev, Ramil"]
[Result "1/2-1/2"]
[WhiteElo "1352"]
[BlackElo "1553"]
[PlyCount "52"]
[EventDate "2006.06.03"]
[EventType "swiss"]
[EventRounds "11"]
[EventCountry "GER"]
[SourceTitle "EXT 2007"]
[Source "ChessBase"]
[SourceDate "2006.11.23"]
[SourceVersion "1"]
[SourceVersionDate "2006.11.23"]
[SourceQuality "1"]

1. d4 d5 2. c4 Nc6 3. Nf3 Bg4 4. e3 e6 5. cxd5 Qxd5 6. Nc3 Bb4 7. Bd2 Bxc3 8. Bxc3 Nf6 9. Be2 0-0 10. 0-0 Rad8 11. Nd2 Bxe2 12. Qxe2 Rfe8 13. Qf3 Qg5 14. Qg3 Qxg3 15. hxg3 Nd5 16. Rac1 e5 17. Nb3 e4 18. Nc5 b6 19. Nb3 Nce7 20. Rc2 Nf5 21. Bd2 Nd6 22. Rfc1 Re6 23. a3 Nb7 24. Kf1 Rf6 25. Rc6 Rdd6 26. Rxd6 Rxd6 1/2-1/2

[Event "GER-ch U12"]
[Site "Willingen"]
[Date "2006.06.04"]
[Round "2"]
[White "Babayev, Ramil"]
[Black "Wang, Zhangxian"]
[Result "1/2-1/2"]
[WhiteElo "1553"]
[BlackElo "1998"]
[PlyCount "149"]
[EventDate "2006.06.03"]
[EventType "swiss"]
[EventRounds "11"]
[EventCountry "GER"]
[SourceTitle "EXT 2007"]
[Source "ChessBase"]
[SourceDate "2006.11.23"]
[SourceVersion "1"]
[SourceVersionDate "2006.11.23"]
[SourceQuality "1"]

1. e4 c6 2. d4 d5 3. exd5 cxd5 4. c4 Nf6 5. Nc3 g6 6. Qb3 Bg7 7. cxd5 0-0 8. Be2 Na6 9. Bf3 Qb6 10. Qxb6 axb6 11. a3 Nb4 12. Bd1 Bg4 13. f3 Bf5 14. Nge2 Nd3+ 15. Kf1 Nb4 16. Kf2 Nfxd5 17. Nxd5 Nxd5 18. Re1 Nb4 19. Kg1 Rfd8 20. Bb3 Bc2 21. Ba2 Nd3 22. Rf1 Rac8 23. Kh1 b5 24. h3 b4 25. axb4 Nxb4 26. Bb1 Bxb1 27. Rxb1 Nc2 28. Bf4 Nxd4 29. Nxd4 Rxd4 30. Bg3 Rd2 31. Rf2 Rxf2 32. Bxf2 Rc2 33. Bh4 Bxb2 34. Bxe7 Rc1+ 35. Rxc1 Bxc1 36. Kg1 f5 37. Kf2 Kf7 38. Bb4 Ke6 39. Ke2 Kd5 40. Kd3 f4 41. Kc3 Be3 42. Kd3 Bc5 43. Bc3 b5 44. Bg7 Bd6 45. Bb2 Bb4 46. Bg7 Be1 47. Bh6 Ke5 48. Bf8 Kf5 49. Be7 Ba5 50. Bh4 h6 51. Bf2 Kg5 52. Kc2 Bb4 53. Kb3 Bd2 54. Kc2 Be3 55. Be1 Kf5 56. Kb3 Bc5 57. Kc3 g5 58. Kd3 h5 59. Kc3 g4 60. hxg4+ hxg4 61. Kd3 g3 62. Ba5 Be3 63. Bc7 Ke6 64. Kc3 Kd5 65. Kd3 b4 66. Bb8 Bc1 67. Kc2 Be3 68. Kd3 Kc5 69. Ba7+ Kb5 70. Bb8 Ka4 71. Bd6 b3 72. Kc3 Bc1 73. Kd3 Be3 74. Kc3 Bd4+ 75. Kd2 1/2-1/2

[Event "GER-ch U10"]
[Site "Willingen"]
[Date "2005.05.18"]
[Round "7"]
[White "Babayev, Ramil"]
[Black "Davydov, Ruven"]
[Result "0-1"]
[WhiteElo "1533"]
[BlackElo "1250"]
[PlyCount "62"]
[EventDate "2005.05.14"]
[EventType "swiss"]
[EventRounds "11"]
[EventCountry "GER"]
[SourceTitle "CBM 106 Extra"]
[Source "ChessBase"]
[SourceDate "2005.07.01"]
[SourceVersion "1"]
[SourceVersionDate "2005.07.01"]
[SourceQuality "1"]

1. e4 d5 2. exd5 Qxd5 3. Nc3 Qd8 4. Nf3 g6 5. Bc4 Bg7 6. 0-0 Nh6 7. d3 0-0 8. Bxh6 Bxh6 9. Re1 Bg4 10. h3 Bd7 11. Qe2 Nc6 12. a3 Bg7 13. Rad1 e6 14. d4 Re8 15. Qd2 Ne7 16. Qf4 Bc6 17. Ng5 Nf5 18. Nce4 Bxe4 19. Rxe4 Nd6 20. Nxf7 Nxf7 21. Bxe6 Qf6 22. Qe3 Kf8 23. Re1 Bh6 24. Qc3 Ng5 25. Qc5+ Kg7 26. R4e2 Nxe6 27. Qc3 c6 28. Qg3 Re7 29. Qd6 Rae8 30. c3 a5 31. Qg3 Ng5 0-1

[Event "GER-ch U10"]
[Site "Willingen"]
[Date "2005.05.17"]
[Round "6"]
[White "Paeltz, Sebastian"]
[Black "Babayev, Ramil"]
[Result "0-1"]
[WhiteElo "1196"]
[BlackElo "1533"]
[PlyCount "50"]
[EventDate "2005.05.14"]
[EventType "swiss"]
[EventRounds "11"]
[EventCountry "GER"]
[SourceTitle "CBM 106 Extra"]
[Source "ChessBase"]
[SourceDate "2005.07.01"]
[SourceVersion "1"]
[SourceVersionDate "2005.07.01"]
[SourceQuality "1"]

1. e4 c5 2. c3 d5 3. exd5 Qxd5 4. d4 Nf6 5. Nf3 Bg4 6. Be2 Nc6 7. 0-0 e6 8. Be3 cxd4 9. cxd4 Be7 10. Nc3 Qd8 11. Rc1 0-0 12. Re1 Rc8 13. Qd2 Bb4 14. a3 Ne4 15. Qd3 Nxc3 16. axb4 Nxe2+ 17. Qxe2 Nxb4 18. Rxc8 Qxc8 19. Rc1 Nc6 20. d5 exd5 21. Bxa7 Nd4 22. Qe3 Qxc1+ 23. Qxc1 Ne2+ 24. Kf1 Nxc1 25. Bc5 Rc8 0-1

[Event "GER-ch U10"]
[Site "Willingen"]
[Date "2005.05.16"]
[Round "4"]
[White "Babayev, Ramil"]
[Black "Goebel, Constantin"]
[Result "1/2-1/2"]
[WhiteElo "1533"]
[BlackElo "1261"]
[PlyCount "93"]
[EventDate "2005.05.14"]
[EventType "swiss"]
[EventRounds "11"]
[EventCountry "GER"]
[SourceTitle "CBM 106 Extra"]
[Source "ChessBase"]
[SourceDate "2005.07.01"]
[SourceVersion "1"]
[SourceVersionDate "2005.07.01"]
[SourceQuality "1"]

1. e4 e6 2. d4 d5 3. e5 c5 4. c3 Nc6 5. Nf3 Qb6 6. a3 Bd7 7. b4 cxd4 8. cxd4 a5 9. bxa5 Nxa5 10. Nbd2 Qd8 11. Be2 Be7 12. 0-0 Nh6 13. Bd3 Rc8 14. Qe2 Ba4 15. Bb5+ Bxb5 16. Qxb5+ Rc6 17. Nb3 Nxb3 18. Qxb3 Rb6 19. Qa4+ Qd7 20. Qa5 Ra6 21. Qc3 Nf5 22. Bg5 Qc6 23. Qd3 Bxg5 24. Nxg5 Qc4 25. Qxc4 dxc4 26. Rfc1 Nxd4 27. Rxc4 Nc6 28. f4 h6 29. Ne4 0-0 30. Nd6 Rb8 31. Ne4 b5 32. Rc5 Nd4 33. Re1 Rxa3 34. Nd6 b4 35. Rb1 Nb3 36. Rc4 Ra1 37. Rxa1 Nxa1 38. Rc1 Nb3 39. Rb1 Nd4 40. Kf2 b3 41. Ke3 Nf5+ 42. Nxf5 exf5 43. Kd3 Kf8 44. Kc3 b2 45. Rxb2 Rxb2 46. Kxb2 Ke7 47. Kc3 1/2-1/2

[Event "GER-ch U10"]
[Site "Willingen"]
[Date "2004.05.30"]
[Round "1"]
[White "Babayev, Ramil"]
[Black "Dilz, Jasmin"]
[Result "1-0"]
[WhiteElo "1382"]
[BlackElo "1004"]
[PlyCount "81"]
[EventDate "2004.06.??"]
[EventType "swiss"]
[EventRounds "11"]
[EventCountry "GER"]
[SourceTitle "EXT 2005"]
[Source "ChessBase"]
[SourceDate "2004.11.15"]
[SourceVersion "1"]
[SourceVersionDate "2004.11.15"]
[SourceQuality "1"]

1. e4 e5 2. Nf3 Nc6 3. Bb5 d6 4. Bxc6+ bxc6 5. h3 Nf6 6. d3 Bb7 7. 0-0 d5 8. Bg5 Be7 9. Nc3 dxe4 10. dxe4 Nd7 11. Bxe7 Qxe7 12. Qd2 0-0 13. Rad1 Rfd8 14. Qe3 Ba6 15. Rfe1 Re8 16. Rd2 Nf6 17. Red1 Bb5 18. Qg5 h6 19. Qe3 Qf8 20. a4 Ba6 21. b3 Bb7 22. Na2 c5 23. Nc3 Bc6 24. Re1 Qe7 25. Qe2 Rad8 26. Rxd8 Rxd8 27. Qa6 Qe6 28. Qxa7 Qe7 29. Qa6 Ba8 30. Qc4 Bc6 31. a5 Bd7 32. a6 Bc6 33. Na4 Nd7 34. Nc3 Nf6 35. a7 Nd7 36. Qa6 Nf6 37. Ra1 Kh8 38. Qa5 Ba8 39. Nb5 Rc8 40. Qa6 Rd8 41. Nc3 1-0